000 00718nam a2200181 a 4500
008 120416s1982 ||||||||||||||||| || u
020 _a0408004045
050 _aTK 7868.D5 Hol
100 _aHoldsworth, Brian
245 1 0 _aDigital logic design
260 _aLondon:
_bButterworths
_c1982
300 _axii, 333p. : ill
350 _a0.00
650 0 _aLOGIC DESIGN
650 0 _aDIGITAL ELECTRONICS
995 _aBINDERY (DAMAGED)
_D0.00
_e714298
_FCBU-MAIN LIBRARY (Kitwe)
_H1
_I11.50
_jTK 7868.D5 Hol
_M1
_UDAMAGED
_y016616
_cMain Library Open Access Collection
995 _aMAIN LIBRARY OPEN ACCESS
_D0.00
_e016617
_FCBU-MAIN LIBRARY (Kitwe)
_H2
_I11.50
_jTK 7868.D5 Hol
_M2
_ULOST
_y016617
_ZMain Library Open Access Collection
999 _c63563
_d63563